00459 a2200121 4500100003100000245007200031300004500103650002200148773005500170942000700225952008800232999001700320 aOCLOO, Della Russel926464 aMotorway tunnel: Highway authority starts stolen bolts replacement  aMonday, September 11, 2023 Pages 16 & 20 aTransport 9138060 x0855-1529tDaily GraphicdAccra Daily Graphic 2023 cPR 001040718PRaPLbPLcTFEWd2023-09-20l0r2023-09-20 00:00:00t1w2023-09-20yPR c45986d45986